[Event "Wesel Undeloh op"]
[Site "Wesel Undeloh"]
[Date "2005.04.16"]
[Round "5"]
[White "Handschmann, Karl Heinz"]
[Black "Thieleke, Jens"]
[Result "1/2-1/2"]
[WhiteElo "1477"]
[BlackElo "1603"]
[PlyCount "40"]
[EventDate "2005.04.14"]
[EventType "swiss"]
[EventRounds "7"]
[EventCountry "GER"]
[SourceTitle "EXT 2007"]
[Source "ChessBase"]
[SourceDate "2006.11.23"]
[SourceVersion "1"]
[SourceVersionDate "2006.11.23"]
[SourceQuality "1"]

1. e4 e5 2. Nf3 Nc6 3. d4 exd4 4. Nxd4 Nxd4 5. Qxd4 d6 6. Bf4 Bd7 7. Nc3 Nf6 8. e5 dxe5 9. Qxe5+ Qe7 10. Qxe7+ Bxe7 11. Bxc7 Rc8 12. Be5 0-0 13. Be2 Bb4 14. 0-0-0 Be6 15. Bxf6 gxf6 16. Ne4 f5 17. Ng3 Bxa2 18. Nxf5 Rc5 19. Bd3 Be6 20. Ng3 Rfc8 1/2-1/2